| 000 | 00690nam a2200229Ia 4500 | ||
|---|---|---|---|
| 005 | 20250508165206.0 | ||
| 008 | 008 250505s9999 xx 000 0 eng d | ||
| 020 | _a978-1-4671-2888-2 | ||
| 037 | _aTextBook | ||
| 040 |
_aFEDL _beng _cFEDL |
||
| 041 |
_aeng _2eng |
||
| 084 |
_a418.007 1, MAL/R _qFEDL |
||
| 100 |
_aMaley Alan _9126759 |
||
| 245 | 0 | _aDrama techniques: A resource book of communication activities for language teachers | |
| 250 | _a3 | ||
| 260 |
_aNew Delhi, India _bCambridge University Press _c2005 |
||
| 300 | _ax, 246p. | ||
| 365 |
_aINR _b1700 |
||
| 700 |
_a Duff Alan _9780113 |
||
| 942 |
_cTB _h418.007 1, MAL/R |
||
| 999 |
_c1393687 _d1393687 |
||